Condicions mínimes d'habitabilitat i de construcció dels edificis a contemplar en les ordenances d' edificació /
Descripción Física:
207 p. ; 30 cm
Materias:
Construcció -- Catalunya -- Normes
MARC
| LEADER | 00000nam a2200000Ia 4500 | ||
|---|---|---|---|
| 001 | 9825 | ||
| 003 | BGR | ||
| 005 | 20260324175208.0 | ||
| 008 | 160829s9999 xx 000 0 cat d | ||
| 080 | |a C-2-5 | ||
| 110 | |a Institut de Tecnologia de la Construcció de Catalunya |b Departament de Terminologia |9 66821 | ||
| 245 | |a Condicions mínimes d'habitabilitat i de construcció dels edificis a contemplar en les ordenances d' edificació / |c Institut de Tecnologia de la Construcció de Catalunya | ||
| 260 | |a Barcelona : |b Generalitat de Catalunya, Direcció General d'Urbanisme, DL 1983 | ||
| 300 | |a 207 p. ; |c 30 cm | ||
| 650 | |a Construcció |x Catalunya |x Normes |9 19610 | ||
| 710 | 1 | |a Catalunya. |b Generalitat |b Direcció General d'Urbanisme |9 12125 | |
| 901 | |a Arxiu | ||
| 942 | |n 1 |2 udc |c MON | ||
| 952 | |0 0 |1 0 |4 0 |6 C25 |7 1 |9 41285 |a Arxiu |b Arxiu |d 2016-12-01 |l 0 |o C-2-5 |p 9825 |r 2016-12-01 00:00:00 |w 2016-12-01 |y ARXIU | ||
| 999 | |c 43068 |d 43068 | ||